[Event "Open A"]
[Site "Groningen NED"]
[Date "2008.12.26"]
[Round "5"]
[White "Danielian,E"]
[Black "Admiraal,M"]
[Result "1-0"]
[WhiteElo "2513"]
[BlackElo "1953"]

1.Nf3 d5 2.c4 c6 3.e3 Nf6 4.Nc3 Bf5 5.cxd5 Nxd5 6.Qb3 Qb6 7.Qxb6 Nxb6 8.d4 h6
9.e4 Bh7 10.Be3 e6 11.Nd2 Be7 12.Be2 N8d7 13.O-O O-O 14.Rfd1 Rfd8 15.f3 c5
16.Nb3 cxd4 17.Bxd4 Nb8 18.Bc5 Nc6 19.Bxe7 Nxe7 20.Nc5 Rdb8 21.Nb5 a6 22.Nd6 f5
23.Rac1 e5 24.exf5 Nxf5 25.Nxf5 Bxf5 26.g4 Bh7 27.Rd6 Nc8 28.Bc4+ Kf8 29.Rd8+ Ke7
30.Rd7+ Kf8 31.Ne6+  1-0

[Event "Christmas Master Open"]
[Site "Zurich SUI"]
[Date "2008.12.26"]
[Round "1"]
[White "Hobuss,W"]
[Black "Georgiev,Vl"]
[Result "0-1"]
[WhiteElo "2123"]
[BlackElo "2517"]

1.Nf3 d5 2.c4 dxc4 3.Qa4+ Nd7 4.g3 a6 5.Qxc4 b5 6.Qc2 Bb7 7.Bg2 Ngf6 8.O-O e6
9.Nc3 c5 10.b3 Be7 11.Bb2 O-O 12.Rfd1 Rc8 13.Rac1 Rc7 14.Qb1 Qa8 15.Qa1 Rfc8
16.d3 c4 17.bxc4 bxc4 18.dxc4 Nb6 19.c5 Bxc5 20.Nb1 Ng4 21.Rxc5 Rxc5 22.h3 Nf6
23.Bxf6 gxf6 24.Qxf6 Rd5 25.Nbd2 Nc4 26.Ng5 Rf5 27.Bxb7 Rxf6 28.Bxa8 Nxd2
29.Bb7 Rc2 30.Bxa6 h6 31.Nf3 Nxf3+ 32.exf3 Rxf3 33.Rf1 Ra3 34.Bb7 Raxa2 35.Be4 Rd2
36.Bc6 Kg7 37.Kg2 Kg6 38.Be8 h5 39.h4 e5 40.Bc6 f5 41.Be8+ Kh6 42.Kg1 e4
43.Bc6 Rab2 44.Ba8 Kg6 45.Bc6 Kf6 46.Be8 e3 47.Bxh5 Rxf2 48.Rxf2 Rxf2 49.Be8 Rf3
50.Kg2 e2  0-1

[Event "17th Donau Open"]
[Site "Aschach AUT"]
[Date "2008.12.27"]
[Round "2"]
[White "Holzmann,H"]
[Black "Wiesinger,R"]
[Result "0-1"]
[WhiteElo "2120"]
[BlackElo "2237"]

1.Nf3 d5 2.c4 e6 3.g3 dxc4 4.Qa4+ Nd7 5.Bg2 a6 6.Qxc4 b5 7.Qc2 Bb7 8.O-O Ngf6
9.b3 Bd6 10.Bb2 O-O 11.d3 c5 12.Nbd2 Qb6 13.Rac1 e5 14.Qb1 Rfe8 15.Qa1 Rad8
16.Rfd1 Ba8 17.Nf1 Nd5 18.e4 Nb4 19.a3 Nc6 20.Ne3 Nd4 21.Nxd4 cxd4 22.Nf1 Nc5
23.Qa2 Bb7 24.Rc2 Bc8 25.b4 Na4 26.Rdc1 Be6 27.Qb1 Rc8 28.Rxc8 Rxc8 29.Rxc8+ Bxc8
30.Nd2 Be6 31.Bf1 Qc7 32.Bc1 Nc3 33.Qa1 Na2 34.Bb2 Qc2 35.Nf3 Nc3 36.Qc1 Bb3
37.Qxc2 Bxc2 38.Bc1 Bc7 39.Ne1 Bb3 40.f4 f6 41.Kf2 a5 42.bxa5 Bxa5 43.fxe5 fxe5
44.Nf3 Bc7 45.Bh3 Bd6 46.Ke1 h6 47.Bb2 Kf7 48.Bg4 Kf6 49.Nd2 Bc2 50.Be2 Na4
51.Bc1 Nc5 52.Nf3 Bxd3 53.Bb2 Bxe2 54.Kxe2 Nxe4 55.g4 Ke6 56.Bxd4 exd4 57.Nxd4+ Kd5
58.Nxb5 Bxh2 59.Ke3 Be5 60.a4 Nc3 61.Na3 Nxa4 62.Nc2 Bc3 63.Kd3 Ke5 64.Ke3 Nb6
65.Kf3 Nd5 66.Na3 Kf6 67.Ke4 Nb6 68.Nc2 Kg5 69.Kf3 Nd7 70.Ne3 Ne5+ 71.Kg3 g6
72.Kh3 Bb2  0-1

[Event "Open A"]
[Site "Groningen NED"]
[Date "2008.12.27"]
[Round "6"]
[White "Hirth,U"]
[Black "Starostits,I"]
[Result "0-1"]
[WhiteElo "2163"]
[BlackElo "2480"]

1.Nf3 d5 2.c4 d4 3.b4 f6 4.e4 c5 5.Bb2 a5 6.bxc5 Nc6 7.e5 fxe5 8.d3 Nf6 9.Qe2 e4
10.dxe4 e5 11.Ba3 a4 12.Nbd2 b6 13.Rb1 Bxc5 14.Bxc5 bxc5 15.a3 O-O 16.Qd3 Kh8
17.Be2 Nh5 18.g3 Bh3 19.Bf1 Bxf1 20.Kxf1 g5 21.h3 Qf6 22.Ke2 Nd8 23.Kd1 Ne6
24.Kc2 Ra7 25.Rb6 Nhg7 26.Rhb1 Raf7 27.Rc6 Qxf3 28.Nxf3 Rxf3 29.Qxf3 Rxf3
30.Rb8+ Nf8 31.Rxc5 Rxf2+ 32.Kd3 Ne6 33.Rxe5 Rf3+ 34.Ke2 Re3+ 35.Kf2 Kg7
36.Rb7+ Kg8 37.Rb8 Kf7 38.Rb7+ Ke8 39.Ra5 Rxa3 40.Raa7 Rc3 41.Rxa4 Nd7 42.Ra8+ Ke7
43.Rh8 Nc5 44.Rxh7+ Ke6 45.Rh6+ Ke5 46.Rb5 Kxe4 47.h4 g4 48.h5 Ne5 49.Rf6 Ncd3+
50.Ke2 Rc2+ 51.Kd1 Rc1+ 52.Ke2 Re1+ 53.Kd2 Nxc4+ 54.Kc2 Na3+ 55.Kd2 Nxb5
56.Re6+ Kd5 57.Rxe1 Nxe1 58.h6 Nf3+ 59.Kd3 Ng5  0-1

[Event "46th ch-IND National A"]
[Site "Mangalore IND"]
[Date "2008.12.27"]
[Round "10"]
[White "Thejkumar,M"]
[Black "Sriram,J"]
[Result "0-1"]
[WhiteElo "2441"]
[BlackElo "2457"]

1.Nf3 d5 2.c4 c6 3.b3 Bg4 4.Bb2 Nd7 5.g3 Ngf6 6.Bg2 e6 7.d3 Bd6 8.O-O O-O
9.Nbd2 Re8 10.h3 Bh5 11.Qc2 e5 12.e4 dxe4 13.Nxe4 Nxe4 14.dxe4 Bxf3 15.Bxf3 Qe7
16.Rad1 Nf8 17.Bg4 Bc5 18.Kg2 Rad8 19.Rxd8 Rxd8 20.Rd1 Bd4 21.Bxd4 exd4 22.Qe2 a5
23.f4 g6 24.h4 a4 25.h5 axb3 26.axb3 Kg7 27.e5 f5 28.exf6+ Qxf6 29.hxg6 Nxg6
30.Qe4 b6 31.b4 c5 32.b5 Qe7 33.Bf5 Re8 34.Qxe7+ Rxe7 35.Ra1 Re2+ 36.Kf3 Re3+
37.Kg4 Ne7 38.Ra7 h6 39.Rd7 Kf7 40.Rb7 d3 41.Kh4 d2 42.Rd7 d1=Q 43.Rxd1 Nxf5+  0-1

[Event "17th Donau Open"]
[Site "Aschach AUT"]
[Date "2008.12.28"]
[Round "4"]
[White "Holzmann,H"]
[Black "Lautner,J"]
[Result "1-0"]
[WhiteElo "2120"]
[BlackElo "2233"]

1.Nf3 d5 2.c4 e6 3.b3 Nf6 4.g3 c6 5.Bg2 Nbd7 6.Bb2 Bd6 7.O-O O-O 8.d3 Qe7
9.Nc3 e5 10.cxd5 Nxd5 11.Nd2 Nxc3 12.Bxc3 f5 13.b4 Nf6 14.a3 a6 15.Rc1 Bd7
16.Bb2 Rae8 17.Qc2 f4 18.Nb3 Kh8 19.Nc5 Bc8 20.Ne4 Nxe4 21.Bxe4 Bh3 22.Bg2 Qd7
23.Qc4 Bxg2 24.Kxg2 Re6 25.Rh1 Rh6 26.h3 e4 27.dxe4 fxg3 28.f3 Rf4 29.Rcd1 Rfh4
30.Qc3 Qf7 31.e5 Bc7 32.Qd3 Re6 33.Qd7 Re7 34.Qc8+ Re8 35.Qxb7 Re4 36.Rhe1 Rf8  1-0

[Event "1st Asian Clubs"]
[Site "Al Ain UAE"]
[Date "2008.12.29"]
[Round "5"]
[White "Roghani,A"]
[Black "Sadorra,J"]
[Result "0-1"]
[WhiteElo "2373"]
[BlackElo "2431"]

1.Nf3 d5 2.c4 e6 3.d4 c5 4.cxd5 exd5 5.g3 Nf6 6.Bg2 Be7 7.O-O O-O 8.Nc3 Nc6
9.dxc5 Bxc5 10.a3 a6 11.b4 Be7 12.Bb2 Bg4 13.Rc1 Qd7 14.Na4 Rad8 15.Re1 d4
16.Nc5 Bxc5 17.Rxc5 Rfe8 18.Qb1 Re7 19.Qa1 Ne4 20.Rcc1 Qf5 21.Rcd1 Ne5 22.Bxd4 Nxf3+
23.exf3 Bxf3 24.Bxf3 Qxf3 25.Bc5 Rc8 26.Be3 h5 27.Rd4 h4 28.Qd1 Ng5 29.Rd8+ Kh7
30.Rxc8 Rxe3 31.Qc2+ Re4 32.Rxe4 Nxe4 33.gxh4 f5 34.Kf1 Qh1+ 35.Ke2 Qxh2
36.Kd3 Qh3+ 37.Kd4 Qxa3 38.Ke5 Qf3 39.Qc4 Nf6 40.Qd4 b6 41.Ke6 a5 42.Rc7 Qb3+
43.Ke5 axb4 44.f4 Qb1 45.Ke6 Qe4+ 46.Qxe4 Nxe4 47.Kxf5 b3 48.Rc6 b5 49.Rc1 Nd2
50.Rc5 Nc4 51.Ke6 Na3 52.Rh5+ Kg8  0-1

[Event "Open"]
[Site "Pamplona ESP"]
[Date "2008.12.29"]
[Round "9"]
[White "Minaya,J"]
[Black "Diaz Mollenedo,W"]
[Result "1-0"]
[WhiteElo "2196"]
[BlackElo "2015"]

1.Nf3 d5 2.c4 e6 3.g3 Nf6 4.Bg2 Be7 5.O-O O-O 6.d4 dxc4 7.Qa4 c5 8.dxc5 Bxc5
9.Qxc4 Qe7 10.Nc3 Bd7 11.Ne5 Rc8 12.Qh4 Nc6 13.Nd3 Bb6 14.Rd1 Bd8 15.Nf4 Qb4
16.Qg5 a6 17.Nd3 Qf8 18.Qe3 Rab8 19.Qf3 Nd4 20.Qf4 Nc6 21.Be3 Bc7 22.Qh4 Bd8
23.Qf4 Bc7 24.Qh4 Bd8 25.Bc5 Be7 26.Bxe7 Nxe7 27.Ne5 Be8 28.g4 Nc6 29.Nxc6 Bxc6
30.Bxc6 bxc6 31.g5 Nd5 32.e4 Rb4 33.Rd3 g6 34.Rad1 Nxc3 35.bxc3 Rbb8 36.Qf4 Qc5
37.Qf6 Qf8 38.Kg2 Qg7 39.e5 h6 40.h4 Qxf6 41.exf6 Rb5 42.f4 Rd5 43.c4 Ra5
44.Rd8+ Rxd8 45.Rxd8+ Kh7 46.Rf8 Rxa2+ 47.Kf3 hxg5 48.hxg5 a5 49.Rxf7+  1-0

[Event "Christmas Master Open"]
[Site "Zurich SUI"]
[Date "2008.12.29"]
[Round "5"]
[White "Fleischer,Eu"]
[Black "Peredy,F"]
[Result "0-1"]
[WhiteElo "2030"]
[BlackElo "2252"]

1.Nf3 d5 2.c4 dxc4 3.Na3 c5 4.Nxc4 b5 5.Ne3 Bb7 6.Qb3 a6 7.a4 b4 8.d3 e6
9.Nc4 a5 10.Bf4 Nf6 11.e3 Be7 12.Be2 O-O 13.O-O Nh5 14.Bxb8 Rxb8 15.Rfd1 Nf6
16.d4 Qc7 17.Rac1 Bd5 18.Qc2 Rfc8 19.Ncd2 Qb7 20.Qd3 cxd4 21.Qxd4 Rd8 22.Qf4 Bc6
23.b3 Nd5 24.Qc4 Rbc8 25.Nb1 Bxa4  0-1

[Event "Christmas Master Open"]
[Site "Zurich SUI"]
[Date "2008.12.29"]
[Round "5"]
[White "Hobuss,W"]
[Black "Nemcova,Kat"]
[Result "0-1"]
[WhiteElo "2123"]
[BlackElo "2369"]

1.Nf3 d5 2.c4 d4 3.g3 Nc6 4.d3 e5 5.Bg2 Nf6 6.O-O a5 7.e3 dxe3 8.fxe3 Bc5
9.Nxe5 Nxe5 10.d4 Ba7 11.dxe5 Qxd1 12.Rxd1 Ng4 13.Nc3 c6 14.Ne4 O-O 15.Kh1 Be6
16.b3 Nxe5 17.h3 Rfd8 18.Nd6 Bc5 19.Bb2 Bxd6 20.Rxd6 Rxd6 21.Bxe5 Rd2 22.Bc3 Rd3
23.Bd4 a4 24.Bf1 Rxd4 25.exd4 axb3 26.a4 Bf5  0-1

[Event "1st Asian Clubs"]
[Site "Al Ain UAE"]
[Date "2008.12.31"]
[Round "7"]
[White "Nguyen Ngoc Truong Son"]
[Black "Karjakin,Sergey"]
[Result "1/2-1/2"]
[WhiteElo "2567"]
[BlackElo "2730"]

1.Nf3 d5 2.c4 c6 3.e3 Nf6 4.Nc3 e6 5.b3 Nbd7 6.Bb2 Bd6 7.h3 O-O 8.Qc2 e5
9.cxd5 Nxd5 10.Ne4 Qe7 11.Nxd6 Qxd6 12.a3 Re8 13.g4 Qg6 14.Qxg6 hxg6 15.d3 f6
16.Rc1 Nf8 17.g5 Be6 18.h4 Rad8 19.Be2 Bg4 20.b4 Bh5 21.Ng1 Ne6 22.Bxh5 gxh5
23.Ne2 fxg5 24.hxg5 Nxg5 25.Rxh5 Nf3+ 26.Kf1 Nf6 27.Rf5 Nd2+ 28.Kg2 Rxd3
29.Rxe5 Rxe5 30.Bxe5 Rxa3 31.b5 Nde4 32.bxc6 bxc6 33.Bxf6 gxf6 34.Rc4 Ra2
35.Rxe4 Rxe2  1/2-1/2

[Event "Hilton Schachfestival"]
[Site "Basel SUI"]
[Date "2009.01.02"]
[Round "2"]
[White "Hera,I"]
[Black "Bukal,V jr"]
[Result "0-1"]
[WhiteElo "2527"]
[BlackElo "2380"]

1.Nf3 d5 2.c4 d4 3.g3 Nc6 4.Bg2 e5 5.d3 Bb4+ 6.Nbd2 a5 7.O-O Nf6 8.Ne1 O-O
9.Nc2 Re8 10.Nxb4 axb4 11.Ne4 Nxe4 12.Bxe4 Bh3 13.Re1 f5 14.Bd5+ Kh8 15.Bd2 e4
16.Bf4 e3 17.fxe3 g5 18.Qd2 gxf4 19.exd4 Qf6 20.Qxf4 Nxd4 21.e4 Nc2 22.e5 Qg6
23.c5 Qg4 24.Bxb7 Qxf4 25.gxf4 Nxe1 26.Rxe1 Rxa2 27.Re2 Ra1+ 28.Kf2 Rd1 29.Ba6 Bg4
30.Re3 Rd2+ 31.Kg3 Re2 32.Rxe2 Bxe2 33.Kf2 Bh5 34.Bb5 Rb8 35.Bd7 Kg7 36.d4 Rd8
37.c6 Be8 38.Bxe8 Rxe8 39.d5 Kf7 40.Ke3 Ke7 41.Kd4 Rg8 42.Kc5 Rg2 43.b3 Rxh2
44.Kxb4 h5 45.Kb5 h4 46.Ka6 Rd2 47.d6+ Rxd6 48.exd6+ Kxd6  0-1

[Event "Australian Open"]
[Site "Manly Sydney AUS"]
[Date "2009.01.03"]
[Round "2"]
[White "Van der Wal,F"]
[Black "Schon,E"]
[Result "0-1"]
[WhiteElo "1944"]
[BlackElo "2115"]

1.Nf3 d5 2.c4 d4 3.g3 Nc6 4.Bg2 e5 5.O-O Nf6 6.b4 e4 7.Ng5 Bf5 8.b5 Ne5 9.d3 exd3
10.exd3 Be7 11.Ba3 Bxa3 12.Nxa3 O-O 13.Ne4 Nxe4 14.dxe4 Be6 15.Rc1 a6 16.Re1 axb5
17.Nxb5 d3 18.Rc3 c6 19.Na3 Qd4 20.Qd2 Rfd8 21.Rec1 Qc5 22.Nb1 Bxc4 23.h3 b5
24.a3 Qd4 25.Kh2 Be6 26.Rd1 b4 27.axb4 Ra2 28.Qf4 Rxf2  0-1

[Event "38th Rilton Cup 2008-9"]
[Site "Stockholm SWE"]
[Date "2009.01.03"]
[Round "7"]
[White "Kantans,T"]
[Black "Gagarin,V"]
[Result "0-1"]
[WhiteElo "2146"]
[BlackElo "2390"]

1.Nf3 d5 2.c4 c6 3.g3 Bg4 4.Bg2 e6 5.O-O Nd7 6.b3 Ngf6 7.Bb2 Bd6 8.d4 Qb8
9.Nc3 O-O 10.Qd2 b5 11.a3 bxc4 12.bxc4 Nb6 13.c5 Nc4 14.Qc1 Bxg3 15.hxg3 Bxf3
16.Bxf3 Qxb2 17.Qxb2 Nxb2 18.Rfb1 Rab8 19.e3 Rb7 20.a4 Rfb8 21.Be2 Nc4 22.Bxc4 Rxb1+
23.Rxb1 Rxb1+ 24.Nxb1 dxc4 25.f3 Nd5 26.Kf2 c3 27.Na3 Nb4 28.Ke2 h5 29.f4 f6
30.Nc4 g5 31.Nd6 Kg7 32.f5 e5 33.dxe5 fxe5 34.Ne4 c2 35.Kd2 a5 36.Nxg5 Kf6
37.Ne4+ Kxf5 38.Nf2 e4 39.Nh3 Kg4 40.Nf4 Kxg3 41.Nxh5+ Kf3 42.Ng7 c1=Q+ 43.Kxc1 Kxe3
44.Ne6 Kf2 45.Ng5 e3 46.Ne4+ Ke2 47.Ng5 Kf1 48.Nf3 Kf2  0-1

[Event "TCh-BEL 2008-9"]
[Site "Belgium BEL"]
[Date "2009.01.04"]
[Round "6"]
[White "Roeder,M"]
[Black "Hamelink,D"]
[Result "1/2-1/2"]
[WhiteElo "2432"]
[BlackElo "2199"]

1.Nf3 d5 2.c4 c6 3.e3 Nf6 4.Nc3 a6 5.b3 Bg4 6.Be2 e6 7.Bb2 Nbd7 8.h3 Bh5
9.d3 h6 10.cxd5 cxd5 11.O-O Bd6 12.a3 O-O 13.b4 Qe7 14.Qb3 Rfc8 15.Rfe1 Bg6
16.Rac1 b5 17.Na2 e5 18.Rxc8+ Rxc8 19.Rc1 Rxc1+ 20.Nxc1 e4 21.dxe4 dxe4 22.Nd2 Ne5
23.Qc2 Qe6 24.Qb3 Qf5 25.Bd4 Bh5 26.Bxh5 Qxh5 27.Qc2 Qf5 28.f4 Nd3 29.Nxe4 Nxe4
30.Nxd3 Ng3 31.Ne1 Qd5 32.Nf3 f6 33.Bxf6 Nf5 34.e4 Qe6 35.Be5 Ng3 36.Nd4 Qd7
37.Qb3+ Kh7 38.Qd5 Qc7 39.Bxd6 Qc1+ 40.Kf2 Nh1+ 41.Ke2 Qb2+ 42.Ke3 Qc3+ 43.Ke2 Qb2+
44.Ke3 Qc3+  1/2-1/2

[Event "Australian Open"]
[Site "Manly Sydney AUS"]
[Date "2009.01.04"]
[Round "5"]
[White "Morris,J"]
[Black "Sales,J"]
[Result "0-1"]
[WhiteElo "2089"]
[BlackElo "2340"]

1.Nf3 d5 2.c4 c6 3.d4 Nf6 4.g3 Bf5 5.Bg2 e6 6.O-O h6 7.Nc3 Nbd7 8.Nd2 Be7
9.e4 dxe4 10.Ndxe4 Nxe4 11.Nxe4 Bxe4 12.Bxe4 Nf6 13.Bf3 O-O 14.Re1 Qc7 15.Bf4 Bd6
16.Be5 Bxe5 17.dxe5 Rad8 18.Qe2 Nd7 19.Rad1 a5 20.Qe3 Qb6 21.Qxb6 Nxb6 22.b3 Nd7
23.Bg4 Nc5 24.Rxd8 Rxd8 25.Rd1 Rd3 26.Kf1 g5 27.f4 gxf4 28.gxf4 Rxd1+ 29.Bxd1 Nd3
30.Ke2 Nc1+ 31.Ke3 Nxa2 32.Kd4 b6 33.c5 b5 34.Bf3 Nb4 35.Be4 Kf8 36.h4 Ke7
37.h5 f5 38.Bf3 Kd7  0-1

[Event "TCh-ISR 2008-9"]
[Site "Israel ISR"]
[Date "2009.01.09"]
[Round "5"]
[White "Manor,I"]
[Black "Jirka,J"]
[Result "1-0"]
[WhiteElo "2490"]
[BlackElo "2448"]

1.Nf3 d5 2.c4 c6 3.b3 Nf6 4.Bb2 g6 5.cxd5 cxd5 6.Bxf6 exf6 7.e3 Nc6 8.d4 Qa5+
9.Nfd2 Bf5 10.Be2 Nb4 11.O-O Nc2 12.g4 Nxa1 13.gxf5 Rc8 14.a3 Bd6 15.Bd3 O-O
16.Kh1 Rc7 17.b4 Qb6 18.Qf3 Rfc8 19.b5 Bf8 20.Qxd5 Qd6 21.Qa2 Nc2 22.Qb3 Nxa3
23.Ne4 Qe7 24.Nbc3 Rd7 25.Nd5 Rxd5 26.Qxd5 Nc2 27.fxg6 hxg6 28.Rg1 Nb4 29.Qf5 Nxd3
30.Nxf6+ Kg7 31.Nh5+ Kh8 32.Qxc8 Qe4+ 33.Rg2 Nxf2+ 34.Kg1  1-0

[Event "TCh-HUN 2008-9"]
[Site "Zalaegerszeg HUN"]
[Date "2009.01.11"]
[Round "5"]
[White "Gyimesi,Z"]
[Black "Kallai,G"]
[Result "1/2-1/2"]
[WhiteElo "2592"]
[BlackElo "2462"]

1.Nf3 d5 2.c4 d4 3.g3 Nc6 4.Bg2 e5 5.d3 Nf6 6.O-O a5 7.Na3 Bxa3 8.bxa3 O-O
9.Rb1 Rb8 10.Rb5 Re8 11.e3 b6 12.exd4 Nxd4 13.Nxd4 exd4 14.Bf4 Bg4 15.Bf3 Bxf3
16.Qxf3 Qd7 17.Rfb1 Rbd8 18.Bg5 Re6 19.Rf5 Qc6 20.Qxc6 Rxc6 21.Bxf6 Rxf6
22.Rxf6 gxf6 23.Re1 Kf8 24.Kg2 a4 25.Kf3 c5 26.Rb1 Rd6 27.Kf4 Re6 28.Kf5 Kg7  1/2-1/2

[Event "Open A"]
[Site "Prague CZE"]
[Date "2009.01.13"]
[Round "6"]
[White "Andonov,B"]
[Black "Zilka,S"]
[Result "1/2-1/2"]
[WhiteElo "2316"]
[BlackElo "2471"]

1.Nf3 d5 2.c4 d4 3.g3 g6 4.d3 Bg7 5.b4 a5 6.b5 e5 7.Nbd2 Ne7 8.Bg2 O-O 9.O-O Nd7
10.a4 Re8 11.Ba3 Rb8 12.Nb3 b6 13.c5 Nxc5 14.Bxc5 bxc5 15.Nxa5 c6 16.Nxc6 Nxc6
17.bxc6 c4  1/2-1/2

[Event "Bela Perenyi Mem"]
[Site "Budapest HUN"]
[Date "2009.01.15"]
[Round "7"]
[White "Vargyas,Z"]
[Black "Teglas,B"]
[Result "1-0"]
[WhiteElo "2174"]
[BlackElo "2127"]

1.Nf3 d5 2.c4 c6 3.d4 Bf5 4.Nc3 e6 5.Qb3 Qc8 6.Nh4 Bg4 7.h3 Bh5 8.cxd5 exd5
9.e4 Be7 10.Nf5 Bg6 11.Nxg7+ Kf8 12.Nf5 dxe4 13.Nxe7 Nxe7 14.Bh6+ Ke8 15.Rc1 Nd7
16.Be2 Nf5 17.Nxe4 Qc7 18.Be3 Kf8 19.O-O Kg7 20.d5 Nxe3 21.Qxe3 Qe5 22.dxc6 bxc6
23.Rfd1 Bxe4 24.Rxd7 Qxb2 25.Rc3 Bg6 26.Qe5+ Kg8 27.Rxf7 Qb1+ 28.Kh2 Bxf7
29.Rg3+ Qg6 30.Bd3 Re8 31.Qc7 Qxg3+ 32.Qxg3+ Kf8 33.Qd6+ Kg7 34.Qd4+ Kg8
35.g4  1-0

[Event "Queenstown Classic"]
[Site "Queenstown NZL"]
[Date "2009.01.20"]
[Round "6"]
[White "Bischoff,K"]
[Black "Saw,G"]
[Result "1-0"]
[WhiteElo "2545"]
[BlackElo "2257"]

1.Nf3 d5 2.c4 d4 3.g3 Nc6 4.Bg2 e5 5.O-O Nf6 6.d3 a5 7.Na3 Be7 8.Nc2 O-O
9.b3 Re8 10.a3 Bf5 11.Bb2 Qd7 12.Re1 Bh3 13.Bh1 Rad8 14.Qd2 Qd6 15.Rab1 h6
16.b4 axb4 17.axb4 Ra8 18.b5 Na5 19.e3 dxe3 20.Nxe3 e4 21.Nd4 c5 22.bxc6 Nxc6
23.dxe4 Bd8 24.Nd5 Ne5 25.Nb5 Qc5 26.Bd4 Nxc4 27.Qc1 Qc6 28.Nxf6+ gxf6 29.Qxh6 Qe6
30.Nc7 Bxc7 31.Bxf6 Qxf6 32.Qxf6 Ra6 33.Qd4 Rc6 34.e5 Bb6 35.Qh4  1-0

[Event "68th ch-GEO"]
[Site "Tbilisi GEO"]
[Date "2009.01.20"]
[Round "4"]
[White "Pantsulaia,L"]
[Black "Magalashvili,Da"]
[Result "1-0"]
[WhiteElo "2583"]
[BlackElo "2490"]

1.Nf3 d5 2.c4 e6 3.g3 Nf6 4.Bg2 Be7 5.O-O O-O 6.d4 dxc4 7.Ne5 Nc6 8.Nxc6 bxc6
9.Na3 Bxa3 10.bxa3 Ba6 11.Bxc6 Rb8 12.Qa4 Rb6 13.Bf3 Nd5 14.Qa5 c3 15.Re1 Qf6
16.Qc5 Rb5 17.Qxa7 Rb6 18.a4 Bb7 19.a5 Rb5 20.a4 Ra8 21.Qxa8+ Bxa8 22.axb5 Qxd4
23.b6 cxb6 24.axb6 Bb7 25.Be3 Nxe3 26.Bxb7 g5 27.fxe3 Qxb6 28.Bf3 Qxe3+ 29.Kg2 Kg7
30.Ra2 f5 31.Rc2 g4 32.Rec1 gxf3+ 33.exf3 Kf6 34.Rxc3 Qd2+ 35.Kg1 h5 36.R3c2 Qe3+
37.Kg2 h4 38.gxh4 Qf4 39.Re1 Qxh4 40.Rce2 Qg5+ 41.Kh1 Qf4 42.Rxe6+ Kf7 43.Re7+ Kf6
44.R1e6+ Kg5 45.Rg7+  1-0

[Event "1st Open"]
[Site "Gurgon IND"]
[Date "2009.01.24"]
[Round "5"]
[White "Neelotpal,D"]
[Black "Saurabh,K"]
[Result "1-0"]
[WhiteElo "2490"]
[BlackElo "2238"]

1.Nf3 d5 2.c4 c6 3.e3 Nf6 4.Nc3 e6 5.Qc2 Nbd7 6.b3 Bd6 7.Bb2 a6 8.d4 O-O
9.Bd3 b5 10.O-O b4 11.Ne2 dxc4 12.bxc4 c5 13.Ne5 h6 14.f4 Bb7 15.Ng3 Bxe5
16.fxe5 Ng4 17.Rf4 Nxe3 18.Qd2 Nxg2 19.Rg4 g5 20.d5 Nxe5 21.Bxe5 f5 22.Nxf5  1-0

[Event "IMB"]
[Site "Marianske Lazne CZE"]
[Date "2009.01.24"]
[Round "10"]
[White "Johansson,An"]
[Black "Simutowe,A"]
[Result "0-1"]
[WhiteElo "2005"]
[BlackElo "2485"]

1.Nf3 d5 2.c4 dxc4 3.e3 Nf6 4.Bxc4 a6 5.d4 e6 6.O-O b5 7.Bb3 Bb7 8.a4 Nbd7
9.axb5 axb5 10.Rxa8 Qxa8 11.Na3 b4 12.Nc4 Be7 13.Bc2 O-O 14.b3 Nb6 15.Bb2 Nxc4
16.bxc4 c5 17.Qe2 Bc6 18.Ra1 Qb7 19.Bb3 Ra8 20.Ne1 Ne4 21.Rxa8+ Qxa8 22.Qc2 h6
23.Nd3 cxd4 24.exd4 Nd6 25.Ne1 Ne4 26.Nd3 Nd6 27.Ne1 Bf6 28.Qd2 Ba4 29.Qxb4 Bxb3
30.Qxb3 Qe4 31.Qd1 Nxc4 32.Ba1 Na3 33.Nf3 Nb5 34.h3 Nc7 35.Kf1 Nd5 36.Kg1 Nf4
37.Kf1 g5 38.Kg1 Kg7 39.Kf1 Qa8 40.Kg1 Kg8 41.Kh2 Qe4 42.Kg1 Bg7 43.Kf1 Kh7
44.Kg1 Kg6 45.Kf1 Qa8 46.Kg1 f5 47.Kf1 Bf6 48.Kg1 h5 49.Ne1 g4 50.hxg4 hxg4
51.Bc3 Qa6 52.Nc2 Ne2+  0-1

[Event "ch-PriFO"]
[Site "Kazan RUS"]
[Date "2009.01.26"]
[Round "6"]
[White "Lushenkov,M"]
[Black "Alavkin,A"]
[Result "1/2-1/2"]
[WhiteElo "2462"]
[BlackElo "2464"]

1.Nf3 d5 2.c4 c6 3.e3 Nf6 4.Nc3 a6 5.Qc2 g6 6.d4 Bg7 7.Bd3 O-O 8.O-O Bg4
9.Ne5 Be6 10.c5 Nbd7 11.Nxd7 Nxd7 12.Bd2  1/2-1/2

[Event "ch-PriFO"]
[Site "Kazan RUS"]
[Date "2009.01.26"]
[Round "6"]
[White "Isajevsky,A"]
[Black "Filipenko,A"]
[Result "1-0"]
[WhiteElo "2424"]
[BlackElo "2360"]

1.Nf3 d5 2.c4 c6 3.e3 Nf6 4.Nc3 e6 5.b3 Nbd7 6.Qc2 Bd6 7.Bb2 O-O 8.Rg1 e5
9.g4 e4 10.g5 Ne8 11.Nd4 Ne5 12.Be2 a6 13.cxd5 c5 14.Qxe4 cxd4 15.Qxd4 Ng6
16.f4 b6 17.Ne4 Be7 18.d6 Bxd6 19.Ba3 Be7 20.Qxd8 Bxd8 21.Bxf8 Kxf8 22.Kf2 Be7
23.Rac1 Bd7 24.Ng3 Ba3 25.Rc2 Ke7 26.Bf3 Rd8 27.Rd1 f5 28.h4 Nxh4 29.Be2 Ng6
30.Rh1 a5 31.Rxh7 Nf8 32.Rh1 Be6 33.d4 g6 34.Rh8 Bd5 35.Bd3 Ke6 36.Ne2 Nd6
37.Nc3 Ne4+ 38.Bxe4 fxe4 39.Nb5 Bd6 40.Nc7+ Bxc7 41.Rxc7 Rd7 42.Rc8 Nh7 43.Rhe8+ Kd6
44.Red8 a4 45.bxa4 Bxa2 46.Rxd7+ Kxd7 47.Rh8 Nxg5 48.fxg5 Bb3 49.Ra8 Ke6
50.a5  1-0

[Event "ch-CUB"]
[Site "Las Tunas CUB"]
[Date "2009.01.26"]
[Round "7"]
[White "Hernandez Carmenates,Hold"]
[Black "Blanco,H"]
[Result "1-0"]
[WhiteElo "2568"]
[BlackElo "2434"]

1.Nf3 d5 2.c4 c6 3.e3 Nf6 4.Nc3 g6 5.d4 Bg7 6.Bd3 O-O 7.h3 a6 8.O-O dxc4
9.Bxc4 b5 10.Bb3 Nbd7 11.Qe2 c5 12.Rd1 c4 13.Bc2 Qc7 14.e4 b4 15.Na4 e6 16.Nd2 Bb7
17.e5 Qc6 18.f3 Nh5 19.Nxc4 Ng3 20.Qd3 a5 21.b3 f6 22.Bf4 Nh5 23.Bh2 Bh6
24.Qe2 fxe5 25.Be4 Qb5 26.Bxb7 Qxb7 27.dxe5 Rac8 28.Rd6 Ng7 29.Rad1 Nc5 30.Nxc5 Rxc5
31.Rd7 Rc7 32.Rxc7 Qxc7 33.g4 a4 34.Kg2 axb3 35.axb3 Ra8 36.Bg3 Ne8 37.Bf2 Bf8
38.Qd2 Qc6 39.Qd7 Ra6 40.Qxc6 Rxc6 41.f4 Nc7 42.Rd7 Nb5 43.Kf3 Rc7 44.Rxc7 Nxc7
45.Ke4 Nd5 46.Nb6 Nc3+ 47.Kd3 Nb5 48.Nd7 Be7 49.Bc5 Kf7 50.Kc4 Nc3 51.Bxe7 Kxe7
52.Nf6 Ne2 53.Nxh7 Nxf4 54.h4 Ng2 55.h5 Ne3+ 56.Kd4 Nxg4 57.hxg6 Nh6 58.Ng5 Nf5+
59.Kc5 Nh4 60.g7  1-0

[Event "68th ch-GEO"]
[Site "Tbilisi GEO"]
[Date "2009.01.28"]
[Round "11"]
[White "Azaladze,S"]
[Black "Magalashvili,Da"]
[Result "1-0"]
[WhiteElo "2402"]
[BlackElo "2490"]

1.Nf3 d5 2.c4 e6 3.g3 Nf6 4.Bg2 Be7 5.O-O O-O 6.b3 b6 7.Bb2 Bb7 8.d4 dxc4
9.bxc4 c5 10.e3 cxd4 11.exd4 Nbd7 12.Re1 Rc8 13.Nbd2 Rc7 14.a4 Nb8 15.a5 bxa5
16.c5 Nc6 17.Nc4 Qa8 18.Bc3 Rd8 19.Qe2 Nxd4 20.Bxd4 Rxd4 21.Nxd4 Bxg2 22.c6 Bd5
23.Rec1 Bc5 24.Qe5 Qd8 25.Rxa5 Ne4 26.Ne3 f6 27.Nxe6 fxe5 28.Nxd8 Bxe3 29.fxe3 Nf6
30.Rcc5 Be4 31.Rab5 Rc8 32.c7 Nd7 33.Rc1 a6 34.Rb4 Bd5 35.Rd1 Nf6 36.Rb8  1-0

[Event "68th ch-GEO"]
[Site "Tbilisi GEO"]
[Date "2009.01.30"]
[Round "13"]
[White "Margvelashvili,G"]
[Black "Mchedlishvili,M"]
[Result "1/2-1/2"]
[WhiteElo "2484"]
[BlackElo "2619"]

1.Nf3 d5 2.c4 c6 3.e3 Nf6 4.Nc3 a6 5.Qc2 e6 6.b3 Bd6 7.Bb2 e5 8.d3 O-O 9.g3 Re8
10.Bg2 d4 11.exd4 exd4+ 12.Ne4 Bb4+ 13.Nd2 Nxe4 14.dxe4 c5 15.O-O Nc6 16.a3 Bxd2
17.Qxd2 Be6 18.f4 f6 19.e5 f5 20.Bxc6 bxc6 21.a4 Rb8 22.Rf3 Qb6 23.Ba3  1/2-1/2

[Event "7th Gibtelecom Masters"]
[Site "Caleta ENG"]
[Date "2009.01.31"]
[Round "5"]
[White "Pavlovic,Milos"]
[Black "Ashton,A"]
[Result "1-0"]
[WhiteElo "2520"]
[BlackElo "2321"]

1.Nf3 d5 2.c4 e6 3.b3 Nf6 4.g3 Be7 5.Bg2 O-O 6.O-O Nbd7 7.d4 b6 8.cxd5 exd5
9.Nc3 Bb7 10.Bb2 Re8 11.Qc2 Rc8 12.Rac1 c6 13.Rfd1 Bd6 14.e3 h6 15.Qb1 Qe7
16.Nh4 g6 17.Nf3 Qe6 18.Rc2 Ba6 19.Qc1 Kh7 20.a4 Bb7 21.a5 bxa5 22.Na4 Bb4
23.Nc5 Nxc5 24.dxc5 Ne4 25.Nd4 Qe7 26.Ba3 Rc7 27.Bxb4 axb4 28.Bxe4 Qxe4 29.Ra2 Bc8
30.Qb1 Qe7 31.Qc2 Bh3 32.Rda1 Qf6 33.Qd2 Re4 34.f3 Ree7 35.Ra4 Qe5 36.Re1 f5
37.Rxb4 g5 38.Kf2 Qf6 39.Rb8 Re5 40.Qa5 Qe7 41.Re8 Qg7 42.Ne6 Rxe6 43.Rxe6 f4
44.g4 Rf7 45.Qa1 fxe3+ 46.Kg3 Qf8 47.R1xe3 h5 48.Qb1+  1-0

[Event "Open"]
[Site "Moscow RUS"]
[Date "2009.01.31"]
[Round "1"]
[White "Savchenko,B"]
[Black "Grigoriants,S RUS"]
[Result "1/2-1/2"]
[WhiteElo "2654"]
[BlackElo "2565"]

1.Nf3 d5 2.c4 e6 3.d4 Nf6 4.Nc3 c6 5.Qd3 dxc4 6.Qxc4 b5 7.Qd3 Bb7 8.Bg5 Nbd7
9.e4 h6 10.Bh4 Qa5 11.Nd2 Rd8 12.Qc2 Qb6 13.f4 Rc8 14.Qd3 c5 15.dxc5 Bxc5
16.Qxb5 Qc7 17.Bxf6 gxf6 18.Nb3 Bc6 19.Qa6 Bb4 20.Rc1 O-O 21.a3 Bxc3+ 22.Rxc3 Qxf4
23.Qxa7 Qxe4+ 24.Qe3 Ne5 25.Nc5 Qxe3+ 26.Rxe3 Bxg2 27.Bxg2 Rxc5 28.O-O Rd8
29.Rxf6 Rd2 30.b4 Rcc2 31.Bf1 Kg7 32.Rf4 Ng6 33.Rc4 Ra2 34.Rc1 Nf4 35.b5 Rdb2
36.Re4 Nd5 37.a4 Nb6 38.Rg4+ Kf8 39.Rc6 Rxa4 40.Rg2 Rxg2+ 41.Bxg2 Nd5 42.Bxd5 exd5
43.Rxh6 Rb4 44.b6 Rb2 45.h4 d4 46.Kf1 d3 47.Ke1 Kg7 48.Rd6  1/2-1/2